Slovak (Slavish) Self-Taught

Bibliographic Details
Main Author: Morávek, S. (Author)
Corporate Author: Spojené štáty americké
Format: Book
Language:Slovak
English
Published: Wilkes-Barre, Pennsylvania Bratstvo Print 1924
Edition:Second edition, 1924
Subjects:

MARC

LEADER 00000nam a2200000 a 4500
001 vtls010310048
003 SK-MaSNL
005 20260301032030.0
008 240314s1924 000 0 slo
020 |q (viaz.) 
040 |a SNK  |b slo  |c SNK  |e AACR2 
041 |a slo  |a eng 
044 |a us  |c US 
080 |a =162.4  |2 2011 
100 1 |a Morávek, S.  |4 aut  |9 328594 
245 1 0 |a Slovak (Slavish) Self-Taught  |c By S. Morávek 
250 |a Second edition, 1924 
260 |a Wilkes-Barre, Pennsylvania  |b Bratstvo Print  |c 1924 
300 |a [4], 125, [1] s.  |c 8°  |c 23 x 14 cm 
500 |a Tit. strana s vinetou v rámčeku, zoznam skratiek, úvod autora, vineta 
650 0 7 |a slovenčina  |2 SNKPH  |9 1350 
700 2 |a Morávek, S.  |4 oth  |9 328594 
710 0 |a Spojené štáty americké  |d Wilkes-Barre, Pennsylvania  |9 328595 
752 |a Spojené štáty americké  |d Wilkes-Barre, Pennsylvania 
852 2 |a SNK  |b SC 137726  |p D 18777/2011 
999 |c 577708  |d 579638 
952 |a SNK  |b SNK  |y PREZ  |7 0  |p 17A0631915  |o snkSC 137726  |i snk2011/18777  |8 1  |0 0  |1 0  |4 0  |d 2011-09-09  |l 0  |r 2025-07-04 00:00:00  |w 2026-02-23